<?xml version="1.0" encoding="UTF-8"?>
<record
    xmlns:xsi="http://www.w3.org/2001/XMLSchema-instance"
    xsi:schemaLocation="http://www.loc.gov/MARC21/slim http://www.loc.gov/standards/marcxml/schema/MARC21slim.xsd"
    xmlns="http://www.loc.gov/MARC21/slim">

  <leader>01049nam a22002417a 4500</leader>
  <controlfield tag="001">77741</controlfield>
  <controlfield tag="003">BD-RjUL</controlfield>
  <controlfield tag="005">20211209083022.0</controlfield>
  <controlfield tag="008">210104b2014    bg ||||| |||| 00| 0 ben d</controlfield>
  <datafield tag="020" ind1=" " ind2=" ">
    <subfield code="a">9789843367013</subfield>
  </datafield>
  <datafield tag="035" ind1=" " ind2=" ">
    <subfield code="a">(BD-RjUL)77967</subfield>
  </datafield>
  <datafield tag="040" ind1=" " ind2=" ">
    <subfield code="a">BD-RjUL</subfield>
    <subfield code="b">eng</subfield>
    <subfield code="c">BD-RjUL</subfield>
  </datafield>
  <datafield tag="041" ind1=" " ind2=" ">
    <subfield code="a">ben</subfield>
  </datafield>
  <datafield tag="082" ind1=" " ind2=" ">
    <subfield code="2">23</subfield>
    <subfield code="a">297.09</subfield>
    <subfield code="b">MOM 2014</subfield>
  </datafield>
  <datafield tag="100" ind1=" " ind2=" ">
    <subfield code="a">&#x9AE;&#x9CB;&#x9A4;&#x9BE;&#x9B9;&#x9CD;&#x200C;&#x9B9;&#x9BE;&#x9B0;&#x9C0;, &#x986;&#x9AF;&#x9BC;&#x9BE;&#x9A4;&#x9C1;&#x9B2;&#x9CD;&#x9B2;&#x9BE;&#x9B9;&#x9CD; &#x9AE;&#x9CB;&#x9B0;&#x9CD;&#x200C;&#x9A4;&#x9BE;&#x9AF;&#x9BE; </subfield>
    <subfield code="9">143755</subfield>
  </datafield>
  <datafield tag="245" ind1="1" ind2="0">
    <subfield code="a">&#x9AE;&#x9BE;&#x9A8;&#x9C1;&#x9B7; &#x993; &#x9A4;&#x9BE;&#x9B0; &#x9AD;&#x9BE;&#x997;&#x9CD;&#x9AF; /</subfield>
    <subfield code="c">&#x9B6;&#x9B9;&#x9C0;&#x9A6; &#x986;&#x9AF;&#x9BC;&#x9BE;&#x9A4;&#x9C1;&#x9B2;&#x9CD;&#x9B2;&#x9BE;&#x9B9;&#x9CD; &#x9AE;&#x9CB;&#x9B0;&#x9CD;&#x200C;&#x9A4;&#x9BE;&#x9AF;&#x9BE; &#x9AE;&#x9CB;&#x9A4;&#x9BE;&#x9B9;&#x9CD;&#x200C;&#x9B9;&#x9BE;&#x9B0;&#x9C0;; &#x985;&#x9A8;&#x9C1;&#x9AC;&#x9BE;&#x9A6;: &#x9A8;&#x9C2;&#x9B0; &#x9B9;&#x9CB;&#x9B8;&#x9C7;&#x9A8; &#x9AE;&#x99C;&#x9BF;&#x9A6;&#x9C0; </subfield>
  </datafield>
  <datafield tag="260" ind1=" " ind2=" ">
    <subfield code="a">&#x9A2;&#x9BE;&#x995;&#x9BE; :</subfield>
    <subfield code="b">&#x9AE;&#x9BE;&#x9A8;&#x9AC; &#x989;&#x9A8;&#x9CD;&#x9A8;&#x9AF;&#x9BC;&#x9A8; &#x9B8;&#x982;&#x9B8;&#x9CD;&#x9A5;&#x9BE;,</subfield>
    <subfield code="c">&#x9E8;&#x9E6;&#x9E7;&#x9EA;</subfield>
  </datafield>
  <datafield tag="300" ind1=" " ind2=" ">
    <subfield code="a">&#x9E7;&#x9EA;&#x9EA; &#x9AA;&#x9C3;&#x9C3;.;</subfield>
    <subfield code="c">&#x9E8;&#x9E8; &#x9B8;&#x9C7;&#x9AE;&#x9BF;.</subfield>
  </datafield>
  <datafield tag="650" ind1=" " ind2=" ">
    <subfield code="a">&#x987;&#x9B8;&#x9B2;&#x9BE;&#x9AE;</subfield>
    <subfield code="x">&#x987;&#x9A4;&#x9BF;&#x9B9;&#x9BE;&#x9B8;</subfield>
    <subfield code="9">243238</subfield>
  </datafield>
  <datafield tag="650" ind1=" " ind2=" ">
    <subfield code="a">Islam</subfield>
    <subfield code="x">History</subfield>
    <subfield code="9">243239</subfield>
  </datafield>
  <datafield tag="700" ind1=" " ind2=" ">
    <subfield code="a">&#x9AE;&#x99C;&#x9BF;&#x9A6;&#x9C0;, &#x9A8;&#x9C2;&#x9B0; &#x9B9;&#x9CB;&#x9B8;&#x9C7;&#x9A8; </subfield>
    <subfield code="9">243243</subfield>
  </datafield>
  <datafield tag="942" ind1=" " ind2=" ">
    <subfield code="2">ddc</subfield>
    <subfield code="c">BK</subfield>
  </datafield>
  <datafield tag="999" ind1=" " ind2=" ">
    <subfield code="c">77741</subfield>
    <subfield code="d">77741</subfield>
  </datafield>
  <datafield tag="952" ind1=" " ind2=" ">
    <subfield code="0">0</subfield>
    <subfield code="1">0</subfield>
    <subfield code="2">ddc</subfield>
    <subfield code="4">0</subfield>
    <subfield code="7">1</subfield>
    <subfield code="8">NFIC</subfield>
    <subfield code="a">RUCL</subfield>
    <subfield code="b">RUCL</subfield>
    <subfield code="c">Reading</subfield>
    <subfield code="d">2019-09-12</subfield>
    <subfield code="e">Author</subfield>
    <subfield code="l">0</subfield>
    <subfield code="o">B 297.09 MOM 2014</subfield>
    <subfield code="r">2021-01-04 00:00:00</subfield>
    <subfield code="t">C-1</subfield>
    <subfield code="w">2021-01-04</subfield>
    <subfield code="y">BK</subfield>
  </datafield>
</record>
